| 000 | 00796nam a2200229 a 4500 | ||
|---|---|---|---|
| 001 | 000018134 | ||
| 005 | 20200929165353.0 | ||
| 008 | 930513s1992 ec 000 0 spa d | ||
| 010 | _a93153355 | ||
| 020 | _a9978801561 | ||
| 040 |
_aDO-SdBNP _cDLC |
||
| 050 | 0 | 0 |
_aPQ8219.B416 _bA88 1992 |
| 100 | 2 |
_aBenites Vinueza, Leopoldo, _d1905- _939296 |
|
| 245 | 1 | 0 |
_aArgonautas de la selva : _blos descubridores del Amazonas / _cLeopoldo Benites Vinueza ; estudio introductorio y notas de Oswaldo Encalada Vasquez. |
| 250 | _a1. ed. | ||
| 260 |
_aQuito : _bLibresa, _c1992. |
||
| 300 |
_a382 p. ; _c20 cm. |
||
| 490 | 1 |
_aColeccion Antares ; _v78 |
|
| 700 | 2 |
_aEncalada Vasquez, Oswaldo, _d1955- _939297 |
|
| 830 | 0 |
_aColeccion Antares (Quito, Ecuador) ; _v78. _939298 |
|
| 910 | _aCatalogación derivada | ||
| 999 |
_c17655 _d17655 |
||